书目信息 |
| 题名: |
Brock微生物生物学
|
|
| 作者: | 马迪根 , 马丁克, , 帕克, 编著 | |
| 分册: | ||
| 出版信息: | 北京 科学出版社 2007.05 |
|
| 页数: | 1019页 | |
| 开本: | 28cm | |
| 丛书名: | 生命科学名著 | |
| 单 册: | ||
| 中图分类: | Q93 | |
| 科图分类: | ||
| 主题词: | 微生物学--wei sheng wu xue--英文--教材 | |
| 电子资源: | ||
| ISBN: | 978-7-03-018857-1 | |
| 000 | 01310nam 2200325 450 | |
| 001 | 012007087560 | |
| 005 | 20070929093132.68 | |
| 010 | @a978-7-03-018857-1@dCNY168.00 (含光盘) | |
| 100 | @a20070817d2007 km y0chiy0120 ea | |
| 101 | 0 | @aeng |
| 102 | @aCN@b110000 | |
| 105 | @aa a 001yy | |
| 200 | 1 | @aBrock微生物生物学@ABrock wei sheng wu sheng wu xue@d= Brock biology of microorganisms@f(美) M.T.马迪根, J.M.马丁克, J.帕克编著@F(mei)M.T.ma di gen,J.M.ma ding ke,J.pa ke bian zhu@zeng |
| 205 | @a影印版 | |
| 210 | @a北京@c科学出版社@d2007.05 | |
| 215 | @a1019页@c图@d28cm@e光盘1片 | |
| 225 | 2 | @a生命科学名著@Asheng ming ke xue ming zhu |
| 305 | @a据原书第10版影印。 | |
| 307 | @a光盘 ISBN : 978-7-900224-25-5 | |
| 320 | @a有书目和索引。 | |
| 330 | @a本书共六个部分:微生物学原理,进化微生物学和微生物的多样性,代谢多样性和微生物生态学,免疫、病原和寄主的响应,微生物疾病和微生物在工业生产和科学研究中的应用,其知识全面、内容丰富。 | |
| 410 | 0 | @12001 @a生命科学名著 |
| 510 | 1 | @aBrock biology of microorganisms@zeng |
| 606 | 0 | @a微生物学@Awei sheng wu xue@x英文@j教材 |
| 690 | @aQ93@v4 | |
| 701 | 1 | @a马迪根@Ama di gen@g(Michael T. Madigan)@4编著 |
| 701 | 1 | @a马丁克,@Ama ding ke@bJ. M.@4编著 |
| 701 | 1 | @a帕克,@Apa ke@bJ.@4编著 |
| 801 | 0 | @aCN@c20070929 |
| 905 | @dQ93@eM032 | |
| Brock微生物生物学= Brock biology of microorganisms/(美) M.T.马迪根, J.M.马丁克, J.帕克编著.-影印版.-北京:科学出版社,2007.05 |
| 1019页:图;28cm+光盘1片.-(生命科学名著) |
| ISBN 978-7-03-018857-1:CNY168.00 (含光盘) |
| 本书共六个部分:微生物学原理,进化微生物学和微生物的多样性,代谢多样性和微生物生态学,免疫、病原和寄主的响应,微生物疾病和微生物在工业生产和科学研究中的应用,其知识全面、内容丰富。 |
| ● |
| 相关链接 |
|
|
|
正题名:Brock微生物生物学
索取号:Q93/M032
 
预约/预借
| 序号 | 登录号 | 条形码 | 馆藏地/架位号 | 状态 | 备注 |
| 1 | 247663 | 202476631 | 自科库401/401自科库 33排2列1层/ [索取号:Q93/M032] | 在馆 |